00000000nam 2200000za 4500
0019.645317
003CaOODSP
00520220125145841
007ta
008150407s1994||||xxc|||||     f|0| 0 eng d
020 |a2-920718-55-X
040 |aCaOODSP|beng
043 |an-cn---
0861 |aD61-3/1993E
1101 |aCanada. |bDepartment of National Defence.
24510|aNormandy 1944 : |bthe Canadian summer / |cby Bill McAndrew, Donald E. Graves, Michael Whitby.
260 |aOttawa - Ontario : |bNational Defence |c1994.
300 |a162p. : |bcoloured illus., illus., maps ; |c31 cm.
500 |aPublished by Éditions Art Global Inc. in cooperation with the Department of National Defence and under license from Canada Communication Group -- Publishing. Contents: Preface.--Preparing for Overlord, 1939-1944.--D-Day.--Young men in combat.--June: stalemate.--June to August: the Canadian war at sea.--July: Verrières Ridge.--August: Operation Totalize.--August: the end in Normandy.--Epilogue.--Select bibliography.
504 |aBibliography.
5203 |aThis book commemorates the fiftieth anniversary of Canadian participation in Operation Overlord, the Allied assault on occupied France. This operation was one of the greatest Allied achievements of the Second World War. Canadians were involved in almost every aspect of this massive undertaking and played a significant part in its success.
563 |aClothbound
590 |a94-22|b1994-06-03
69007|aMilitary history|2gcpds
69007|aWorld war, 1939-1945|2gcpds
7201 |aMcAndrew, Bill
7201 |aGraves, Donald E.
77508|tNormandie 1944 : |w(CaOODSP)9.679064
7760#|tNormandy 1944 : |w(CaOODSP)9.889135